<?xml version="1.0" encoding="UTF-8"?>
<record
    xmlns:xsi="http://www.w3.org/2001/XMLSchema-instance"
    xsi:schemaLocation="http://www.loc.gov/MARC21/slim http://www.loc.gov/standards/marcxml/schema/MARC21slim.xsd"
    xmlns="http://www.loc.gov/MARC21/slim">

  <leader>00956    a2200229   4500</leader>
  <datafield tag="999" ind1=" " ind2=" ">
    <subfield code="c">96926</subfield>
    <subfield code="d">96926</subfield>
  </datafield>
  <controlfield tag="005">20240209140901.0</controlfield>
  <controlfield tag="008">200604b        th ||||| |||| 00| 0 tha d</controlfield>
  <datafield tag="020" ind1=" " ind2=" ">
    <subfield code="a">978616170089</subfield>
  </datafield>
  <datafield tag="040" ind1=" " ind2=" ">
    <subfield code="a">&#xE4C;NALT</subfield>
  </datafield>
  <datafield tag="090" ind1=" " ind2=" ">
    <subfield code="a">KM 16</subfield>
    <subfield code="b">&#xE1E;996&#xE23; 2563</subfield>
  </datafield>
  <datafield tag="100" ind1="0" ind2=" ">
    <subfield code="a">&#xE44;&#xE1E;&#xE28;&#xE32;&#xE25; &#xE40;&#xE15;&#xE21;&#xE35;&#xE22;&#xE4C;</subfield>
    <subfield code="9">13931</subfield>
  </datafield>
  <datafield tag="245" ind1="1" ind2="0">
    <subfield code="a">&#xE23;&#xE27;&#xE21;&#xE0E;&#xE35;&#xE01;&#xE32;&#xE14;&#xE49;&#xE32;&#xE19;&#xE41;&#xE23;&#xE07;&#xE07;&#xE32;&#xE19;&#xE17;&#xE35;&#xE48;&#xE19;&#xE48;&#xE32;&#xE2A;&#xE19;&#xE43;&#xE08; /</subfield>
    <subfield code="c">&#xE44;&#xE1E;&#xE28;&#xE32;&#xE25; &#xE40;&#xE15;&#xE21;&#xE35;&#xE22;&#xE4C;.</subfield>
  </datafield>
  <datafield tag="250" ind1=" " ind2=" ">
    <subfield code="a">&#xE1E;&#xE34;&#xE21;&#xE1E;&#xE4C;&#xE04;&#xE23;&#xE31;&#xE49;&#xE07;&#xE17;&#xE35;&#xE48; 2</subfield>
  </datafield>
  <datafield tag="260" ind1=" " ind2=" ">
    <subfield code="a">&#xE01;&#xE23;&#xE38;&#xE07;&#xE40;&#xE17;&#xE1E;&#xE2F; :</subfield>
    <subfield code="b">&#xE40;&#xE2D;&#xE0A; &#xE2D;&#xE32;&#xE23;&#xE4C; &#xE40;&#xE0B;&#xE47;&#xE19;&#xE40;&#xE15;&#xE2D;&#xE23;&#xE4C;,</subfield>
    <subfield code="c">2563.</subfield>
  </datafield>
  <datafield tag="300" ind1=" " ind2=" ">
    <subfield code="a">72 &#xE2B;&#xE19;&#xE49;&#xE32; ;</subfield>
    <subfield code="c">21 &#xE0B;&#xE21;.</subfield>
  </datafield>
  <datafield tag="650" ind1=" " ind2="0">
    <subfield code="a">&#xE01;&#xE0E;&#xE2B;&#xE21;&#xE32;&#xE22;&#xE41;&#xE23;&#xE07;&#xE07;&#xE32;&#xE19;</subfield>
    <subfield code="z">&#xE44;&#xE17;&#xE22;</subfield>
    <subfield code="9">15986</subfield>
  </datafield>
  <datafield tag="650" ind1=" " ind2="4">
    <subfield code="9">45143</subfield>
    <subfield code="a">&#xE04;&#xE33;&#xE1E;&#xE34;&#xE1E;&#xE32;&#xE01;&#xE29;&#xE32;</subfield>
    <subfield code="x">&#xE41;&#xE23;&#xE07;&#xE07;&#xE32;&#xE19;</subfield>
  </datafield>
  <datafield tag="653" ind1=" " ind2="4">
    <subfield code="a">&#xE04;&#xE14;&#xE35;&#xE41;&#xE23;&#xE07;&#xE07;&#xE32;&#xE19;</subfield>
  </datafield>
  <datafield tag="850" ind1=" " ind2=" ">
    <subfield code="a">NALT</subfield>
  </datafield>
  <datafield tag="942" ind1=" " ind2=" ">
    <subfield code="2">local</subfield>
    <subfield code="c">LB</subfield>
    <subfield code="0">1</subfield>
  </datafield>
  <datafield tag="998" ind1=" " ind2=" ">
    <subfield code="j">1020</subfield>
    <subfield code="k"> &#xE19;&#xE32;&#xE07;&#xE08;&#xE33;&#xE40;&#xE23;&#xE35;&#xE22;&#xE07;  &#xE23;&#xE30;&#xE27;&#xE31;&#xE07;&#xE2A;&#xE33;&#xE42;&#xE23;&#xE07;</subfield>
  </datafield>
  <datafield tag="952" ind1=" " ind2=" ">
    <subfield code="0">0</subfield>
    <subfield code="1">0</subfield>
    <subfield code="2">local</subfield>
    <subfield code="4">0</subfield>
    <subfield code="7">0</subfield>
    <subfield code="8">CLAW</subfield>
    <subfield code="a">NALT</subfield>
    <subfield code="b">NALT</subfield>
    <subfield code="c">LAW</subfield>
    <subfield code="d">2020-05-25</subfield>
    <subfield code="e">60</subfield>
    <subfield code="g">90.00</subfield>
    <subfield code="l">1</subfield>
    <subfield code="m">1</subfield>
    <subfield code="o">KM 16 &#xE1E;996&#xE23; 2563</subfield>
    <subfield code="p">3961210540</subfield>
    <subfield code="r">2024-02-16 00:00:00</subfield>
    <subfield code="s">2024-02-08</subfield>
    <subfield code="v">100.00</subfield>
    <subfield code="w">2020-05-25</subfield>
    <subfield code="y">LB</subfield>
  </datafield>
</record>
